Kasırga/ (Record no. 13883)

MARC details
000 -BAŞLIK
Sabit Uzunlukta Kontrol Alanı 00619nam a2200217 4500
999 ## - SİSTEM KONTROL NUMARALARI (KOHA)
Koha Biblionumber 13883
Koha Biblioitemnumber 13883
003 - KONTROL NUMARASI IDENTIFIER
Denetim Alanı MIRAKIL
005 - SON İŞLEM TARİHİ VE ZAMANI
Denetim Alanı 20200813161832.0
008 - SABİT-BOY VERİ ELEMANLARI - GENEL BİLGİLER
Sabit Uzunlukta Kontrol Alanı 200813b tu ||||| |||| 00| 0 tur d
020 ## - ULUSLARARASI STANDART KİTAP NUMARASI
Uluslararası Standart Kitap Numarası 9754060797
040 ## - KATALOGLAMA KAYNAK
Orijinal Kataloglama Ajansı TR-AnCHP
Metne Dönüştürmek Ajansı TR-AnCHP
041 ## - DİL KODU
Metin / Ses Parça Veya Ayrı Başlığın Dil Kodu tur
082 ## - DEWEY ONLU SINIFLANDIRMA NUMARASI
Sınıflandırma Numarası 868.99
Ürün Numarası A77k 1987
100 ## - ANA GİRİŞ - KİŞİSEL İSİM
Kişisel Ad Asturias, M. Angel
245 10 - BAŞLIK TABLOSU
Başlık Kasırga/
Sorumluluk Tablosu, Vb M. Angel Asturias; çeviren Leyla Gürsel
260 ## - YAYIN, DAĞITIM, VB
Yayın, Dağıtım, Vb Yeri İstanbul:
Yayıncı, Dağıtıcı, Vs Adı Cem yayınevi,
Yayın, Dağıtım, Vb Tarihi 1987.
300 ## - FİZİKSEL TANIM
Kapsam 287 s.:
Boyutlar 19 sm.
490 0# - SERİSİ TABLOSU
Seri Beyanı Nobel yayınları dizisi
650 #0 - KONU KATMA GİRİŞ - TOPİKAL DÖNEM
9 (RLIN) 5129
Topikal Süreli Veya Coğrafi Ad Giriş Elemanı İspanyol edebiyatı
Genel Alt Bölümü Roman
700 ## - KATMA GİRİŞ - KİŞİSEL İSİM
9 (RLIN) 6370
Kişisel Ad Gürsel, Leyla
Relator Terim çev.
942 ## - EKLENDİ GİRİŞ ELEMANLARI (KOHA)
Sınıflandırma Veya Raf Düzeni Kaynak Dewey Decimal Classification
Koha Öğesi Türü Books
Holdings
Kalıcı Konum Mevcut Konum Edinme Tarihi Toplam Check-Out'Lar Tam Çağrı Numarası Barkod Tarih Son Görülme İtibaren Geçerli Fiyatlar Sigara Kamu Notu Koha Öğesi Türü
CHP Kütüphanesi CHP Kütüphanesi 08/13/2020   868.99 A77k 1987 019344 08/13/2020 08/13/2020 Emine Başak Alkan Bağışıdır. Books